000 00485nam a2200145 i 4500
001 44593
003 ES-MaACL
007 t|
008 030321s1963 sp ||||1| spa d
245 0 0 _aCódigo de comercio de Puerto Rico /
_cestudio preliminar por J. Santa-Pinter.
260 _aBarcelona :
_bC.S.I.C Instituto de derecho comparado,
_c1963 (
_fImp. vda. de Daniel Cochs)
300 _a161 p. ;
_c20 cm.
700 1 _aSanta Pinter, J. J.
_9103249
852 _aES-MaACL
_jG-7306
_bR.53155
999 _c44593
_d44593